| 000 | 01137nam0a22003011 4500 | ||
|---|---|---|---|
| 001 | RU\NLR\INFOCOMM_18\5000670716 | ||
| 005 | 20250613105904.0 | ||
| 035 | _a(NLR Aleph) 009539186 | ||
| 090 |
_a8935257 _c8935257 |
||
| 100 | _a20110326d1987 |||y0rusy50 ca | ||
| 101 | 1 | _aspa | |
| 102 | _aRU | ||
| 105 | _aa ||||000|y | ||
| 200 | 1 |
_aLituania _fPetras Griškevičius _g[Trad. Ramón Rodriguez] |
|
| 210 |
_aM. _cEd. de la Agencia de prensa "Nóvosti" _d1987 |
||
| 215 |
_a100, [7] с., [8] л. цв. ил. _cил., факс., портр., карта, цв. ил. _d19 см |
||
| 225 | 1 | _aRépublicas social. sov. | |
| 300 | _aНа послед. с.: Литва / П. Гришкявичус | ||
| 300 | _aНа обл. авт. не указан | ||
| 606 |
_aКоммунистическое строительство в СССР _yЛитовская ССР _91380724 _3RU\NLR\AUTH\66579467 |
||
| 686 |
_aТ3(2Ли)73 _2rubbk |
||
| 686 |
_aУ03(2Ли)73 _2rubbk |
||
| 700 | 1 |
_aGriškevičius _bP. _f1924- _gPetras _4070 |
|
| 801 | 1 |
_aRU _bNLR _c20110326 |
|
| 801 | 0 |
_aRU _bNLR _gPSBO |
|
| 852 |
_aNLR _jИр81 Д-3/91 |
||
| 942 | _cBOOK | ||
| 980 | _aNB | ||